<?xml version="1.0" encoding="UTF-8"?>
<collection xmlns="http://www.loc.gov/MARC21/slim">
 <record>
  <leader>01324nam a2200217 a 4500</leader>
  <controlfield tag="001">1/31666</controlfield>
  <controlfield tag="008">061129s2006    gr       bm   00110 gre d</controlfield>
  <datafield tag="035" ind1=" " ind2=" ">
   <subfield code="l">33997</subfield>
  </datafield>
  <datafield tag="082" ind1="0" ind2="0">
   <subfield code="a">363.73 ΚΩΝ</subfield>
  </datafield>
  <datafield tag="100" ind1="1" ind2=" ">
   <subfield code="a">Κωνσταντοπούλου, Μαρία.</subfield>
  </datafield>
  <datafield tag="245" ind1="1" ind2="0">
   <subfield code="a">Μέτρηση ανακλασιμότητας φίλτρων αιωρούμενων σωματιδίων (PM10/PM2,5) στην ατμόσφαιρα της Αθήνας /</subfield>
   <subfield code="c">Κωνσταντοπούλου Μαρία</subfield>
  </datafield>
  <datafield tag="260" ind1=" " ind2=" ">
   <subfield code="a">Πειραιάς :</subfield>
   <subfield code="b">[χ.ό.],</subfield>
   <subfield code="c">2006</subfield>
  </datafield>
  <datafield tag="300" ind1=" " ind2=" ">
   <subfield code="a">78 σ. :</subfield>
   <subfield code="b">πιν. ;</subfield>
   <subfield code="c">30 εκ. +</subfield>
   <subfield code="e">1 οπτικό δίσκο Η/Υ</subfield>
  </datafield>
  <datafield tag="502" ind1=" " ind2=" ">
   <subfield code="a">Διατριβή (Δ.Ε.) - Πανεπιστήμιο Πειραιώς, 2006</subfield>
  </datafield>
  <datafield tag="650" ind1=" " ind2="4">
   <subfield code="a">Διατριβές.</subfield>
  </datafield>
  <datafield tag="650" ind1=" " ind2="4">
   <subfield code="a">Ατμόσφαιρα</subfield>
   <subfield code="x">Ρύπανση</subfield>
   <subfield code="z">Ελλάδα.</subfield>
  </datafield>
  <datafield tag="650" ind1=" " ind2="4">
   <subfield code="a">Ατμοσφαιρική μόλυνση.</subfield>
  </datafield>
  <datafield tag="710" ind1="2" ind2=" ">
   <subfield code="a">Πανεπιστήμιο Πειραιώς. Τμήμα Βιομηχανικής Διοίκησης και Τεχνολογίας.</subfield>
  </datafield>
  <datafield tag="710" ind1="2" ind2=" ">
   <subfield code="a">Εθνικό Μετσόβιο Πολυτεχνείο. Τμήμα Χημικών Μηχανικών.</subfield>
  </datafield>
  <datafield tag="852" ind1=" " ind2=" ">
   <subfield code="a">INST</subfield>
   <subfield code="b">UNIPILB</subfield>
   <subfield code="c">DISS</subfield>
   <subfield code="e">20070117</subfield>
   <subfield code="h">363.73 ΚΩΝ</subfield>
   <subfield code="p">00151579</subfield>
   <subfield code="q">00151579</subfield>
   <subfield code="t">NOLOAN</subfield>
   <subfield code="y">23</subfield>
   <subfield code="4">1</subfield>
  </datafield>
  <datafield tag="856" ind1="4" ind2="1">
   <subfield code="u">http://digilib.lib.unipi.gr/dspace/handle/unipi/2017</subfield>
  </datafield>
 </record>
</collection>
